| 000 | 00878cam a2200145ua 4500 | ||
|---|---|---|---|
| 041 |
_aeng _h |
||
| 082 |
_a693.61 _bIND/SP |
||
| 110 | 1 |
_aIndian Standard Institution . _bISI _c() |
|
| 245 | _aSpecification for mason`s tool for plaster work and painting work | ||
| 260 |
_aNew Delhi : _bIndian Standards Institution , _c984. |
||
| 300 | _a14 ; . | ||
| 504 | _a | ||
| 942 | _cBK | ||
| 999 |
_c6964 _d6964 |
||